000 00560nam a22001817a 4500
003 CEME
005 20210628205938.0
008 210209b xxu||||| |||| 00| 0 eng d
020 _a1-56604-472-2
040 _c.
082 _a005.4469 MAN
100 _aBrannon, Charles Mansfield, Richard
_977592
245 _aMicrosoft windows nt 4 workstation desktop companion
260 _aUSA
_bVANTANA
_c1997
300 _a960P
650 _aWINDOWS NT 4 WORKSTATION CLIENT SERVER COMPUTING MICROCOMPUTER WORKSTATION MICROSOFT WINDOWS NT
_977593
942 _cBK
_2ddc
999 _c582845
_d582845